|
|
|
|
| LEADER |
00000nam a2200000Ii 4500 |
| 001 |
DIGBRUJ031 |
| 003 |
NyNyDIG |
| 006 |
m o d |
| 007 |
cr ||||||||||| |
| 008 |
220707s2014 ag a ob 000 0 spa d |
| 035 |
|
|
|a (OCoLC)891394002
|
| 040 |
|
|
|a DGITA
|b eng
|e rda
|e pn
|c DGITA
|
| 020 |
|
|
|a 9789871925278
|q pdf
|
| 020 |
|
|
|z 9789871925261
|
| 041 |
0 |
|
|a spa
|a por
|
| 043 |
|
|
|a s-ag---
|a s-bl---
|
| 050 |
1 |
4 |
|a QH541.5.F6 ebook
|
| 245 |
0 |
0 |
|a Educación e investigación forestal para un equilibrio vital :
|b cooperación binacional : Argentina-Brasil /
|c editoras, Dra. Ana María Giménez y Dra. Graciela Inés Bolzón.
|
| 264 |
|
1 |
|a Córdoba, Argentina :
|b Encuentro Grupo Editor,
|c [2014]
|
| 300 |
|
|
|a 1 online resource :
|b illustrations.
|
| 336 |
|
|
|a text
|b txt
|2 rdacontent
|
| 337 |
|
|
|a computer
|b c
|2 rdamedia
|
| 338 |
|
|
|a online resource
|b cr
|2 rdacarrier
|
| 347 |
|
|
|a text file
|2 rdaft
|
| 347 |
|
|
|b PDF
|
| 500 |
|
|
|a "UNSE, Universidad Nacional de Santiago del Estero; UFPR, Universidade Federal do Parana"--Cover.
|
| 504 |
|
|
|a Includes bibliographical references.
|
| 546 |
|
|
|a Text in Spanish and Portuguese.
|
| 588 |
0 |
|
|a Online resource; title from PDF title page (Digitalia, viewed July 7, 2022)
|
| 650 |
|
0 |
|a Forest ecology
|z Argentina.
|
| 650 |
|
0 |
|a Forest ecology
|z Brazil.
|
| 650 |
|
0 |
|a Forest and forestry
|x Research
|z Argentina.
|
| 650 |
|
0 |
|a Forest and forestry
|x Research
|z Brazil.
|
| 650 |
|
0 |
|a Forest and forestry
|x Study and teaching
|z Argentina.
|
| 650 |
|
0 |
|a Forest and forestry
|x Study and teaching
|z Brazil.
|
| 655 |
|
0 |
|a Electronic books.
|
| 700 |
1 |
|
|a Giménez de Bolzón, Ana-Maria,
|e editor.
|
| 700 |
1 |
|
|a Bolzón, Graciela Inés,
|e editor.
|
| 791 |
2 |
|
|a Digitalia (Firm),
|e distributor.
|
| 793 |
0 |
|
|g Digitalia eBook Collection:
|a Editorial Brujas
|
| 776 |
0 |
8 |
|i Print version:
|t Educación e investigación forestal para un equilibrio vital.
|b 1a. edición.
|d Córdoba, Argentina : Encuentro Grupo Editor, [2014]
|z 9789871925261
|
| 856 |
4 |
0 |
|3 Digitalia Hispánica
|u https://www.digitaliapublishing.com/a/35408/
|
| 910 |
|
|
|a Premium collection: 2022
|